[Event "Challenge"]
[Site "http://www.queenalice.com/game.php?id=744895"]
[Date "2010.3.12"]
[Round "-"]
[White "pirate93"]
[Black "zigozago56"]
[Result "0-1"]
[WhiteElo "1069"]
[BlackElo "1489"]

1. d4 Nf6 2. Bg5 e6 3. e3 c5 4. Bb5 cxd4 5. exd4 Qa5+ 6. Bd2 Qxb5 7. b3 Ne4 8.
Na3 Bxa3 9. Nf3 Bb2 10. Rb1 Nc3 11. Bxc3 Bxc3+ 12. Nd2 Qg5 13. g3 Bxd2+ 14. Ke2
Ba5 15. f4 Qg4+ 16. Ke3 Qxd1 17. Rhxd1 Bb4 18. h4 b5 19. g4 Bc3 20. h5 Bb7 21.
a4 Bc6 22. Kd3 b4 23. Rf1 f5 24. g5 Be4+ 25. Kc4 d5+ 26. Kc5 Ke7 27. h6 g6 28.
a5 a6 29. Kb6 Bxd4+ 0-1

[Event "o3bor52!"]
[Site "http://www.queenalice.com/game.php?id=746272"]
[Date "2010.3.14"]
[Round "-"]
[White "digger"]
[Black "zigozago56"]
[Result "0-1"]
[WhiteElo "1538"]
[BlackElo "1100"]

1. c4 e5 2. d4 Nc6 3. d5 Nce7 4. Bg5 h6 5. Bxe7 Nxe7 6. e4 Ng6 7. Nf3 Bc5 8. Bd3
d6 9. O-O Bg4 10. Be2 O-O 11. Nfd2 Bxe2 12. Qxe2 Nf4 13. Qd1 Qg5 14. g3 Nh5 15.
Nc3 f5 16. h4 Qxg3+ 17. Kh1 Qh3+ 18. Kg1 Nf4 19. Qf3 Qxh4 20. Qg3 Qxg3+ 21. Kh1
Qg2# 0-1

[Event "Invitation"]
[Site "http://www.queenalice.com/game.php?id=747349"]
[Date "2010.3.17"]
[Round "-"]
[White "zigozago56"]
[Black "o3bor52"]
[Result "1-0"]
[WhiteElo "1339"]
[BlackElo "1666"]

1. e4 c5 2. Nf3 Nc6 3. d4 cxd4 4. Nxd4 d6 5. Nc3 a6 6. Be3 Bd7 7. Bc4 e6 8. Qe2
Nf6 9. f3 Be7 10. O-O-O O-O 11. Nxc6 Bxc6 12. e5 d5 13. exf6 Bxf6 14. Qf2 Bxc3
15. bxc3 Qa5 16. Bb3 Qxc3 17. Bd4 Qa5 18. f4 Qd8 19. Rd3 Bb5 20. Rh3 Bc4 21.
Bxc4 dxc4 22. Rd1 Qa5 23. Qh4 f6 24. Qxh7+ Kf7 25. Rg3 Rg8 26. Qg6+ Kf8 27. Bxf6
Qf5 28. Bxg7+ Ke7 29. Qxf5 exf5 30. Re3+ Kf7 31. Rd7+ Kg6 32. Re6+ Kh5 33. h3
Kh4 34. Rg6 Rh8 35. Bf6+ Kh5 36. Rg5+ Kh6 37. Bg7+ Kh7 38. Bf8# 1-0

[Event "Invitation"]
[Site "http://www.queenalice.com/game.php?id=747661"]
[Date "2010.3.17"]
[Round "-"]
[White "o3bor52"]
[Black "zigozago56"]
[Result "0-1"]
[WhiteElo "1575"]
[BlackElo "1489"]

1. e4 c5 2. Nf3 e6 3. c4 Nc6 4. a3 d6 5. d3 g6 6. Be2 Bg7 7. O-O Nge7 8. Nc3 O-O
9. Re1 a6 10. Bf1 Qc7 11. Rb1 Bd7 12. Qc2 Rfc8 13. b3 Qa5 14. Bb2 b5 15. Ne2 f6
16. Qc3 Qxc3 17. Bxc3 b4 18. axb4 cxb4 19. Ba1 a5 20. d4 d5 21. Ng3 Kf7 22. e5
a4 23. cxd5 Nxd5 24. exf6 Bxf6 25. Ne5+ Nxe5 26. dxe5 Be7 27. Bc4 Bc6 28. Ne4
Nb6 29. Nd6+ Bxd6 30. exd6 Nxc4 31. bxc4 b3 32. Be5 Ke8 33. c5 Bd5 34. Bd4 Kd7
35. Re3 Rcb8 36. Rh3 h5 37. Rg3 Be4 38. Re1 b2 39. Rge3 b1=Q 40. h3 Qc2 41. Rxe4
Rb1 42. Rxb1 Qxb1+ 0-1

[Event "Challenge"]
[Site "http://www.queenalice.com/game.php?id=750115"]
[Date "2010.3.22"]
[Round "-"]
[White "tonycap"]
[Black "zigozago56"]
[Result "0-1"]
[WhiteElo "1100"]
[BlackElo "1100"]

1. d4 Nf6 2. Nc3 e6 3. Nf3 c5 4. Be3 c4 5. Qd2 d5 6. O-O-O Nc6 7. Ng5 Qa5 8. g3
b5 9. Bg2 b4 10. Nb1 Qxa2 11. h4 Bd7 12. c3 Na5 13. Kc2 Ba4+ 14. Kc1 Nb3+ 15.
Kc2 Nxd2+ 16. Kxd2 Qxb2+ 17. Ke1 Bxd1 18. Kxd1 Qxb1+ 19. Kd2 bxc3+ 20. Kxc3 Bb4#
0-1

[Event "O DOURADO VAI GANHAR KKK III"]
[Site "http://www.queenalice.com/game.php?id=753940"]
[Date "2010.3.30"]
[Round "-"]
[White "rogeriooliveira"]
[Black "zigozago56"]
[Result "0-1"]
[WhiteElo "1346"]
[BlackElo "1258"]

1. e4 c5 2. d4 cxd4 3. Qxd4 Nc6 4. Qd5 Nf6 5. Qd3 Qc7 6. Qe2 d5 7. exd5 Nxd5 8.
Nc3 Nxc3 9. bxc3 e6 10. Nf3 Bd6 11. Bb2 b5 12. O-O-O O-O 13. c4 bxc4 14. Bc3 Ba6
15. a4 Rab8 16. Re1 Ba3+ 17. Bb2 Bxb2+ 18. Kd2 c3+ 19. Ke3 Qb6+ 20. Kf4 Bxe2 21.
Rxe2 Qb4+ 22. Ke3 Bc1+ 23. Kd3 Rfd8+ 24. Nd4 Qxd4# 0-1

[Event "Challenge 2"]
[Site "http://www.queenalice.com/game.php?id=754428"]
[Date "2010.3.31"]
[Round "-"]
[White "zigozago56"]
[Black "jose_gomes"]
[Result "1-0"]
[WhiteElo "1200"]
[BlackElo "1089"]

1. e4 e5 2. Nf3 Nc6 3. d4 exd4 4. Nxd4 Nf6 5. Nc3 Bc5 6. Be3 Nxd4 7. Bxd4 Bxd4
8. Qxd4 O-O 9. O-O-O b6 10. e5 c5 11. Qh4 Nd5 12. Qxd8 Rxd8 13. Nxd5 Bb7 14. Bc4
d6 15. exd6 Bxd5 16. Bxd5 Rab8 17. Rhe1 Rxd6 18. Bxf7+ Kxf7 19. Rxd6 1-0

[Event "O HOMOFOBICO GANHOU KKKK II"]
[Site "http://www.queenalice.com/game.php?id=755076"]
[Date "2010.4.2"]
[Round "-"]
[White "rogeriooliveira"]
[Black "zigozago56"]
[Result "0-1"]
[WhiteElo "1414"]
[BlackElo "1443"]

1. e4 c5 2. d4 cxd4 3. Qxd4 Nc6 4. Qd5 e6 5. Qd3 Qc7 6. Nc3 a6 7. Bg5 Qb6 8.
O-O-O Qxf2 9. Be3 Qf6 10. Nf3 Ne5 11. Qd2 Nxf3 12. Qd3 Ne5 13. Qd2 Be7 14. Bd4
Qg5 15. g3 Qxd2+ 16. Rxd2 Bf6 17. Bxe5 Bxe5 18. Bc4 b5 19. Be2 Bb7 20. Bf3 Nf6
21. Rhd1 Rc8 22. Rf1 Bxc3 23. bxc3 Rxc3 24. e5 Nd5 25. Rff2 Ke7 26. Kb2 b4 27.
Bxd5 Bxd5 28. Rd1 Ra3 29. Rc1 Rxa2+ 30. Kb1 b3 31. h3 Rb8 32. g4 bxc2# 0-1

[Event "JULIET IX"]
[Site "http://www.queenalice.com/game.php?id=772958"]
[Date "2010.5.8"]
[Round "-"]
[White "rogeriooliveira"]
[Black "zigozago56"]
[Result "0-1"]
[WhiteElo "1466"]
[BlackElo "1545"]

1. e4 c5 2. d4 cxd4 3. Qxd4 Nc6 4. Qd5 Nf6 5. Qd3 e6 6. Qe2 Qc7 7. e5 Nd4 8. Qd2
Qxe5+ 9. Ne2 Bc5 10. c3 Nf5 11. Na3 Bxf2+ 12. Kxf2 Ne4+ 13. Ke1 Nxd2 14. Bxd2 b5
15. Nc2 a5 16. Bf4 Qd5 17. b3 e5 18. Bg5 f6 19. Bxf6 gxf6 20. c4 bxc4 21. Na3
cxb3 22. Nc3 Qc5 23. axb3 Qxc3+ 24. Ke2 Ba6+ 25. Kf2 Qe3# 0-1

[Event "HOTEL II"]
[Site "http://www.queenalice.com/game.php?id=773818"]
[Date "2010.5.11"]
[Round "-"]
[White "rogeriooliveira"]
[Black "zigozago56"]
[Result "0-1"]
[WhiteElo "1578"]
[BlackElo "1659"]

1. e4 c5 2. d4 cxd4 3. Qxd4 Nc6 4. Qd5 Nf6 5. Qd3 e6 6. Bg5 Be7 7. Bxf6 Bxf6 8.
Nc3 Qb6 9. Rb1 Nb4 10. Qd2 Bxc3 11. bxc3 Nd3+ 12. cxd3 Qxb1+ 13. Qd1 Qxd1+ 14.
Kxd1 b5 15. Nf3 Bb7 16. Be2 d5 17. e5 Ke7 18. Kd2 Rab8 19. Rb1 a6 20. Nd4 Rhc8
21. Nf3 f6 22. exf6+ gxf6 23. Nh4 Rc7 24. Rc1 Bc8 25. Re1 Bd7 26. Bg4 Kd6 27.
Bf3 Rbc8 28. Rc1 b4 29. c4 dxc4 30. d4 c3+ 31. Kd3 Ba4 32. Bb7 Rxb7 33. Nf3 b3
34. axb3 Rxb3 35. Kc2 Kd5 36. Ra1 Ra3+ 37. Kc1 Rxa1# 0-1

[Event "Challenge"]
[Site "http://www.queenalice.com/game.php?id=777911"]
[Date "2010.5.19"]
[Round "-"]
[White "lgraham"]
[Black "zigozago56"]
[Result "0-1"]
[WhiteElo "1219"]
[BlackElo "1538"]

1. d4 Nf6 2. Nf3 d5 3. Bf4 Bf5 4. Nc3 a6 5. e3 Nbd7 6. Bd3 e6 7. Qe2 Bb4 8. Bxf5
exf5 9. Qd3 g6 10. O-O O-O 11. a3 Be7 12. Rae1 Re8 13. h3 c6 14. b4 b5 15. a4
Bxb4 16. axb5 cxb5 17. Rb1 Bxc3 18. Qxc3 Rc8 19. Qd3 Kg7 20. Rfc1 Ne4 21. c3 Qa5
22. Ra1 Rxc3 23. Rxa5 Rxc1+ 24. Kh2 Rh1+ 25. Kxh1 Nxf2+ 26. Kh2 Nxd3 27. Rxa6
Nxf4 28. exf4 Rb8 29. Rd6 Nb6 30. Ne5 Rb7 31. Kg1 b4 32. Nd3 b3 33. Nc5 b2 0-1

[Event "Challenge"]
[Site "http://www.queenalice.com/game.php?id=786679"]
[Date "2010.6.7"]
[Round "-"]
[White "tonycap"]
[Black "zigozago56"]
[Result "0-1"]
[WhiteElo "1032"]
[BlackElo "1545"]

1. Nc3 d5 2. e4 d4 3. Bb5+ c6 4. Bxc6+ Nxc6 5. Nd5 e5 6. Nf3 Be6 7. O-O Bxd5 8.
Qe1 Be6 9. c3 Bc4 10. cxd4 Bxf1 11. Qxf1 Nxd4 12. Nxe5 Bc5 13. Qc4 Qe7 14. Nxf7
b5 15. Qd5 Nf6 16. Qg5 Ne6 17. Qe5 Qxf7 18. d3 Ng4 19. Qg3 Bxf2+ 20. Kf1 Bxg3+
21. Ke2 Qf2+ 22. Kd1 Nd4 0-1

[Event "Revenge."]
[Site "http://www.queenalice.com/game.php?id=787943"]
[Date "2010.6.9"]
[Round "-"]
[White "zigozago56"]
[Black "o3bor52"]
[Result "1-0"]
[WhiteElo "1570"]
[BlackElo "1582"]

1. e4 g6 2. d4 Bg7 3. Be3 d6 4. Bc4 e6 5. Nc3 Ne7 6. Qf3 O-O 7. O-O-O Nbc6 8. h4
e5 9. Nge2 exd4 10. Nxd4 Ne5 11. Qe2 Nxc4 12. Qxc4 a6 13. h5 Kh8 14. hxg6 fxg6
15. Rxh7+ Kxh7 16. Rh1+ Bh6 17. Bxh6 Rf6 18. Bf8+ Bh3 19. Rxh3# 1-0

[Event "Challenge"]
[Site "http://www.queenalice.com/game.php?id=788654"]
[Date "2010.6.11"]
[Round "-"]
[White "o3bor52"]
[Black "zigozago56"]
[Result "0-1"]
[WhiteElo "1685"]
[BlackElo "1677"]

1. g3 d5 2. Bg2 Nf6 3. Nf3 Bf5 4. O-O h6 5. d3 Nc6 6. b3 e6 7. Bb2 Bd6 8. Nbd2
O-O 9. c4 Qe7 10. d4 Ba3 11. Qc1 Bxb2 12. Qxb2 Nd7 13. cxd5 exd5 14. a3 Qxe2 15.
Rfe1 Qd3 16. Re3 Qc2 17. Ra2 Qxb2 18. Rxb2 Rae8 19. Nh4 Nxd4 20. Nxf5 Nxf5 21.
Rxe8 Rxe8 22. Bxd5 c6 23. Bc4 Ne5 24. Bf1 Nd4 25. Bg2 Nd3 26. Rb1 Ne2+ 27. Kf1
Nc3 28. Ra1 Nxf2 29. Kxf2 Re2+ 30. Kf1 Rxd2 31. Re1 Kf8 32. h3 Nd5 33. h4 Rd3
34. Bh3 Rxg3 35. Bd7 Nf6 36. Bc8 Rxb3 37. Rd1 Ke7 0-1

[Event "Challenge 01"]
[Site "http://www.queenalice.com/game.php?id=793058"]
[Date "2010.6.21"]
[Round "-"]
[White "zigozago56"]
[Black "ONIT91"]
[Result "1-0"]
[WhiteElo "1599"]
[BlackElo "1941"]

1. e4 e6 2. d4 d6 3. Bd3 g6 4. Nf3 Bg7 5. Bf4 Nd7 6. O-O b6 7. Nbd2 Bb7 8. Re1
Ne7 9. e5 dxe5 10. dxe5 O-O 11. Ne4 Nd5 12. Bg5 Qc8 13. c4 Nb4 14. Bb1 Nxe5 15.
Nxe5 Bxe5 16. Nf6+ Bxf6 17. Bxf6 h6 18. Qd2 Kh7 19. Qxb4 c5 20. Qd2 Qc6 21. Re4
h5 22. Qg5 Qa4 23. Qxh5+ gxh5 24. Rg4+ Kh6 25. Bg7# 1-0

[Event "Challenge"]
[Site "http://www.queenalice.com/game.php?id=793972"]
[Date "2010.6.23"]
[Round "-"]
[White "Racey"]
[Black "zigozago56"]
[Result "0-1"]
[WhiteElo "1406"]
[BlackElo "1649"]

1. Nf3 c5 2. e4 Nc6 3. a4 a6 4. Ng5 Nf6 5. h4 h6 6. Nh3 Nxe4 7. Bd3 Nf6 8. Qf3
d5 9. Qe3 e5 10. a5 Ng4 11. Qf3 e4 12. Bxe4 dxe4 13. Qf4 f5 14. h5 Bd6 15. f3
Bxf4 16. Nxf4 exf3 17. gxf3 Qd4 18. Ng6 Qf2+ 19. Kd1 Qxf3+ 20. Ke1 Nd4 21. Nc3
Nxc2# 0-1

[Event "Challenge"]
[Site "http://www.queenalice.com/game.php?id=835219"]
[Date "2010.9.20"]
[Round "-"]
[White "zigozago56"]
[Black "o3bor52"]
[Result "1-0"]
[WhiteElo "1700"]
[BlackElo "1699"]

1. e4 c5 2. Nf3 d6 3. d4 cxd4 4. Nxd4 Nf6 5. Nc3 a6 6. Bg5 e6 7. f4 Nbd7 8. Qf3
Qc7 9. O-O-O b5 10. Bd3 Bb7 11. Rhe1 Be7 12. Qg3 h6 13. Bxf6 Bxf6 14. Bxb5 Bxd4
15. Bxd7+ Qxd7 16. Rxd4 O-O 17. Red1 Qe7 18. Rxd6 Rad8 19. f5 exf5 20. exf5 f6
21. Rxd8 Rxd8 22. Rxd8+ Qxd8 23. Nd1 Qc8 24. Ne3 Kf8 25. Qe1 Qc5 26. Qc3 Qe7 27.
Qa3 Qxa3 28. bxa3 Ke7 29. Kd2 Kd6 30. Kd3 Kc5 31. a4 a5 32. g4 Kb4 33. Kd4 Bc6
34. c3+ Kxa4 35. Kc5 Be8 36. Kb6 h5 37. h3 hxg4 38. hxg4 Bf7 39. c4 Kb4 40. c5
1-0

[Event "Buon Anno Nuovo !"]
[Site "http://www.queenalice.com/game.php?id=879945"]
[Date "2011.1.2"]
[Round "-"]
[White "o3bor52"]
[Black "zigozago56"]
[Result "0-1"]
[WhiteElo "1820"]
[BlackElo "1717"]

1. e4 c5 2. Nf3 Nc6 3. d4 cxd4 4. Nxd4 e6 5. Nxc6 bxc6 6. Bd3 Be7 7. Bd2 Nf6 8.
O-O d6 9. Bc3 e5 10. Nd2 O-O 11. b3 Be6 12. Bb2 Nd7 13. Re1 f5 14. Qe2 Qc7 15.
c4 fxe4 16. Qxe4 Bf5 17. Qe3 d5 18. cxd5 Bc5 19. Bc4 Kh8 20. Qe2 Bg6 21. Rf1
cxd5 22. Bxd5 Rae8 23. Be4 Rf6 24. Bxg6 Rxg6 25. Ne4 Qb7 26. Kh1 Nf6 27. f3 Bb6
28. Nd6 Nh5 29. Ne4 Bc7 30. g3 Qc8 31. Rac1 Rh6 32. Rg1 Qd7 33. Qc4 Bb6 34. Ng5
Rf6 35. Qc2 e4 36. Rge1 Nxg3+ 37. hxg3 Rh6+ 38. Kg2 exf3+ 39. Kxf3 Rf8+ 40. Kg2
Qd5+ 41. Re4 Qxg5 42. Rf1 Qd8 43. Rxf8+ Qxf8 44. Rf4 Qa8+ 45. Qe4 Qxe4+ 46. Rxe4
Kg8 47. Re7 Rc6 48. Re2 Kf7 49. a3 Rd6 50. Bc1 Rd3 51. b4 h6 52. Rd2 Rb3 53. Rd1
g5 54. Rf1+ Kg6 55. Rf3 Rb1 56. Rc3 Kf5 57. Rf3+ Ke4 58. Rc3 Kd4 59. Rc8 Kd3 60.
Kf3 Rb3 61. g4 Rc3 62. Bxg5 hxg5 63. Rxc3+ Kxc3 64. Ke4 Kb3 65. Kf5 Be3 0-1

[Event "QA-ANNIV-07"]
[Site "http://www.queenalice.com/game.php?id=950701"]
[Date "2011.6.16"]
[Round "1"]
[White "zigozago56"]
[Black "FERREIRA16"]
[Result "0-1"]
[WhiteElo "1721"]
[BlackElo "2045"]

1. e4 g6 2. d4 Bg7 3. f4 c5 4. Nf3 cxd4 5. Nxd4 Nc6 6. c3 Nf6 7. Nd2 O-O 8. Be2
e5 9. Nxc6 dxc6 10. fxe5 Nd7 11. e6 fxe6 12. Nf3 Nf6 13. Qxd8 Rxd8 14. Bg5 h6
15. Bxf6 Bxf6 16. e5 Bg7 17. c4 b6 18. O-O Bb7 19. b3 c5 0-1

[Event "Challenge"]
[Site "http://www.queenalice.com/game.php?id=970222"]
[Date "2011.8.8"]
[Round "-"]
[White "zigozago56"]
[Black "o3bor52"]
[Result "1-0"]
[WhiteElo "1741"]
[BlackElo "1864"]

1. d4 g6 2. e4 Bg7 3. Nf3 d6 4. Bf4 Bg4 5. Be2 Bxf3 6. Bxf3 Nd7 7. c3 e6 8. Nd2
Ne7 9. Qb3 b6 10. h4 e5 11. Be3 h5 12. O-O-O a5 13. Nc4 O-O 14. a4 Nc6 15. g4
Qf6 16. Rh3 exd4 17. cxd4 Nxd4 18. Rxd4 Qe6 19. e5 Nc5 20. Qc2 dxe5 21. Bd5 Qe8
22. Rd1 Rc8 23. gxh5 gxh5 24. Rg3 Ne6 25. Rdg1 f5 26. Rxg7+ Kh8 27. R7g6 Qxg6
28. Rxg6 Nd4 29. Bxd4 exd4 30. Qe2 1-0